000 00319nam a2200109Ia 4500
008 190914s9999||||xx |||||||||||||| ||und||
100 _aSaeed Ahmed Siddiqui
245 3 _aAn Introduction To Industries In Pakistan With Latest Facts and Figures
260 _aLondon
_bWorld Scientific
_c1996
300 _a311
942 _cBK
999 _c8560
_d8560